000 00294nam a22001337a 4500
008 171010b xxu||||| |||| 00| 0 eng d
020 _a9780618056972
041 _aeng
080 _a316
100 _a50
101 _aSOC
245 _aTO BELIEVE IN WOMEN
_cFADERMAN.L
942 _2udc
_cBK
999 _c32941
_d32941